MARC details
| 000 -CABECERA |
| campo de control de longitud fija |
05756nam a2200433Ia 4500 |
| 001 - NÚMERO DE CONTROL |
| campo de control |
dia_2813 |
| 003 - IDENTIFICADOR DEL NÚMERO DE CONTROL |
| campo de control |
CHAP |
| 005 - FECHA Y HORA DE LA ÚLTIMA TRANSACCIÓN |
| campo de control |
20250613181033.0 |
| 007 - CAMPO FIJO DE DESCRIPCIÓN FÍSICA--INFORMACIÓN GENERAL |
| campo de control de longitud fija |
ta |
| 008 - DATOS DE LONGITUD FIJA--INFORMACIÓN GENERAL |
| campo de control de longitud fija |
220117s2002 mx ado fr 001 0 spa d |
| 010 ## - NÚMERO DE CONTROL DE LA BIBLIOTECA DEL CONGRESO |
| Número de control de LC |
173313 |
| 020 ## - NÚMERO INTERNACIONAL ESTÁNDAR DEL LIBRO |
| Número Internacional Estándar del Libro |
84-7829-053-2 |
| 040 ## - FUENTE DE LA CATALOGACIÓN |
| Centro/agencia transcriptor |
CHAP |
| Centro catalogador/agencia de origen |
mxchpua |
| Normas de descripción |
rda |
| 041 ## - CÓDIGO DE LENGUA |
| Código de lengua del texto/banda sonora o título independiente |
spa |
| Código de lengua del sumario o resumen |
spa |
| Código de lengua de la tabla de contenido |
spa |
| Código de lengua original |
eng |
| 050 ## - SIGNATURA TOPOGRÁFICA DE LA BIBLIOTECA DEL CONGRESO |
| Número de clasificación |
QP514.2 |
| Número de documento/Ítem |
.M38 2002 |
| 082 ## - NÚMERO DE LA CLASIFICACIÓN DECIMAL DEWEY |
| Número de edición |
20 |
| Número de clasificación |
574.192 |
| Número de documento/Ítem |
M38 2002 |
| 100 1# - ENTRADA PRINCIPAL--NOMBRE DE PERSONA |
| Nombre de persona |
Mathews, Christopher K. |
| 9 (RLIN) |
73001 |
| 240 10 - TÍTULO UNIFORME |
| Título uniforme |
Biochemistry |
| Lenguaje de la obra |
Español |
| 245 10 - MENCIÓN DE TÍTULO |
| Título |
Bioquímica / |
| Mención de responsabilidad, etc. |
Christopher K. Mathews, K.E. van Holde y Kevin G. Ahern ; traducción José Manuel González de Buitrago |
| 250 ## - MENCIÓN DE EDICIÓN |
| Mención de edición |
3a edición |
| 264 ## - PRODUCCIÓN, PUBLICACIÓN, DISTRIBUCIÓN, FABRICACIÓN Y COPYRIGHT |
| Producción, publicación, distribución, fabricación y copyright |
México : |
| Nombre del de productor, editor, distribuidor, fabricante |
Addison Wesley, |
| Fecha de producción, publicación, distribución, fabricación o copyright |
2002 |
| 300 ## - DESCRIPCIÓN FÍSICA |
| Extensión |
xxx, 1335 páginas : |
| Otras características físicas |
ilustraciones, gráficas, diagramas, tablas, fotos |
| 336 ## - TIPO DE CONTENIDO |
| Fuente |
rdacontent |
| Término de tipo de contenido |
texto |
| Código de tipo de contenido |
txt |
| 337 ## - TIPO DE MEDIO |
| Fuente |
rdamedia |
| Nombre/término del tipo de medio |
no mediado |
| Código del tipo de medio |
n |
| 338 ## - TIPO DE SOPORTE |
| Fuente |
rdacarrier |
| Nombre/término del tipo de soporte |
volumen |
| Código del tipo de soporte |
nc |
| 504 ## - NOTA DE BIBLIOGRAFÍA, ETC. |
| Nota de bibliografía, etc. |
Incluye bibliografías |
| 505 0# - NOTA DE CONTENIDO CON FORMATO |
| Nota de contenido con formato |
Parte I. El campo de la bioquímica. --<br/>1. El alcance de la bioquímica. --<br/>2. La matriz de la vida: interacciones débiles en un medio acuoso. --<br/>3. El mecanismo energético de la vida. --<br/>Parte II. Arquitectura molecular de la materia viva. --<br/>4. Ácidos nucleicos. --<br/>5. Introducción a las proteínas: el nivel primario de la estructura proteica. --<br/>6. La estructura tridimensional de las proteínas. --<br/>7. Función proteica y evolución. --<br/>8. Proteínas en movimiento: sistemas contráctiles y motores moleculares. --<br/>9. Hidratos de carbono. --<br/>10. Lípidos, membranas y transporte celular. --<br/>Parte III. Dinámica de la vida: catálisis y control de las reacciones bioquímicas. --<br/>11. Enzimas: catalizadores biológicos. --<br/>12. Introducción al metabolismo. --<br/>Parte IV. Dinámica de la vida: energía, biosíntesis y utilización de precursores. --<br/>13. Metabolismo de los hidratos de carbono I: procesos anaerobios en la generación de energía metabólica. --<br/>14. Procesos oxidativos: ciclo del ácido cítrico y vía de las pentosas fosfato. --<br/>15. Transporte electrónico, fosforilación oxidativa y metabolismo del oxígeno. --<br/>16. Metabolismo de los hidratos de carbono II: biosíntesis. --<br/>17. Fotosíntesis. --<br/>18. Metabolismo de los lípidos I: ácidos grasos, triacilgliceroles y lipoproteínas. --<br/>19. Metabolismo de los lípidos II: lípidos de membrana, esteroides, isoprenoides y eicosanoides. --<br/>20. Metabolismo de los compuestos nitrogenados: principios de la biosíntesis, utilización y renovación. --<br/>21. Metabolismo de los compuestos nitrogenados: aminoácidos, porfirinas y neurotransmisores. --<br/>22. Metabolismo de los nucleótidos. --<br/>23. Coordinación metabólica, control metabólico y transducción de señales. --<br/>Parte V. Información. --<br/>24. Copiado de la información: replicación. --<br/>25. Reestructuración de la información: restricción, reparación, recombinación, reordenación y amplificación. --<br/>26. Lectura de la información: transcripción. --<br/>27. Descodificación de la información: traducción. --<br/>28. Genes eucariotas y su expresión. --<br/>Respuestas a los problemas. --<br/>Glosario. --<br/>Índice de materias. |
| 520 2# - SUMARIO, ETC. |
| Sumario, etc. |
La ilustración de la cubierta fusiona los temas clásicos y contemporáneos de la bioquímica. Un tema central de la bioquímica es la transducción de energía, esto es, comprender la forma en que se genera la energía metabólica a nivel molecular, y comprender las relaciones entre la liberación de energía química a través de la ruptura del ATP y su acoplamiento con los procesos químicos, mecánicos y eléctricos que requieren energía. Algo que está surgiendo es nuestro conocimiento creciente, a través del análisis estructural, de las proteínas motoras, las proteínas cuyos movimientos físicos y acciones mecánicas están impulsados por la liberación de energía del enlace fosfato.<br/>La estructura que se muestra es la helicasa Rep de la bacteria termófila Bacillus stearothermophilus. Las helicasas desenrollan las cadenas del DNA con el fin de preparar al genoma para la replicación y otros procesos del metabolismo del DNA. La hidrólisis del ATP impulsa el movimiento de la proteína a lo largo de la cadena de DNA, y el desenrollamiento es el resultado de ese movimiento. El dibujante ha colocado una cámara imaginaria justo detrás del ATP en una subunidad de esta enzima dimérica, y ha buscado la proyección hacia fuera desde la hendidura de unión del sustrato en el “espacio interior”, para descubrir una segunda molécula de helicasa trabajando detrás de la que envuelve al observador. El dibujante ha mostrado diferentes métodos de representar los gráficos moleculares. La helicasa se presenta como una molécula de superficie lisa en azul; la molécula de ATP se presenta con una combinación de CPK (relleno espacial), bolas y bastones, y modelos de alambre; el DNA se presenta en un estilo de cinta idealizada. La única luz de la figura, que representa la liberación de energía..., procede de la ruptura “explosiva” del ATP, que tiene lugar en la profundidad del lugar de unión del ATP, escondida de la proyección. Se muestran dos “explosiones” de ATP, una en cada molécula de helicasa. |
| 650 13 - PUNTO DE ACCESO ADICIONAL DE MATERIA--TÉRMINO DE MATERIA |
| Término de materia o nombre geográfico como elemento de entrada |
Biochemistry |
| 9 (RLIN) |
150448 |
| Fuente del encabezamiento o término |
atg |
| 650 13 - PUNTO DE ACCESO ADICIONAL DE MATERIA--TÉRMINO DE MATERIA |
| Término de materia o nombre geográfico como elemento de entrada |
Bioquímica |
| 9 (RLIN) |
12849 |
| Fuente del encabezamiento o término |
atg |
| 700 1# - PUNTO DE ACCESO ADICIONAL--NOMBRE DE PERSONA |
| Nombre de persona |
Ahern, Kevin G. |
| 9 (RLIN) |
153546 |
| Término indicativo de función/relación |
autor |
| 700 1# - PUNTO DE ACCESO ADICIONAL--NOMBRE DE PERSONA |
| Nombre de persona |
Van Holde, K. E. |
| 9 (RLIN) |
153548 |
| Término indicativo de función/relación |
autor |
| 700 1# - PUNTO DE ACCESO ADICIONAL--NOMBRE DE PERSONA |
| Nombre de persona |
González de Buitrago, José Manuel |
| 9 (RLIN) |
153547 |
| Término indicativo de función/relación |
traductor |
| 856 42 - LOCALIZACIÓN Y ACCESO ELECTRÓNICOS |
| Identificador Uniforme del Recurso |
<a href="https://cbtis54.edu.mx/wp-content/uploads/2024/04/Bioquimica-Chistoper-K-Mathews-Kensal-E-Van-Holde-Kevin-G-Ahern.pdf">https://cbtis54.edu.mx/wp-content/uploads/2024/04/Bioquimica-Chistoper-K-Mathews-Kensal-E-Van-Holde-Kevin-G-Ahern.pdf</a> |
| Texto de enlace |
VER PDF |
| 942 ## - ELEMENTOS DE PUNTO DE ACCESO ADICIONAL (KOHA) |
| Tipo de ítem Koha |
Libro |
| Fuente del sistema de clasificación o colocación |
Dewey Decimal Classification |
| 901 ## - ELEMENTOS DE DATOS A LOCAL LDA (RLIN) |
| a |
574.192 M38 2002 |
| 902 ## - ELEMENTOS DE DATOS B LOCAL, LDB (RLIN) |
| a |
M |
| 905 ## - ELEMENTOS DE DATOS E LOCAL, LDE (RLIN) |
| a |
5232272002 sp admn8222223322spa16 |